Bilecik Bilecik Bilecik Bilecik Bilecik

I. Uluslararası Ahilik kültürü sempozyumu bildirileri. (Record no. 58184)

MARC details
000 -BAŞLIK
Sabit Uzunluktaki Kontrol Alanı 01101nam a22003377a 4500
001 - KONTROL NUMARASI
Control Dosyası 0058380
003 - KONTROL NUMARASI KİMLİĞİ
Kontrol Alanı KOHA_MİRAKIL
005 - EN SON İŞLEM TARİHİ ve ZAMANI
Kontrol Alanı 20260207004152.0
007 - FİZİKSEL TANIM SABİT ALAN - GENEL BİLGİ
Sabit uzunluklu kontrol alanı ta
008 - SABİT UZUNLUKTAKİ VERİ ÖGELERİ - GENEL BİLGİ
Sabit Alan 160613b1996 tu |||gro|||#1|||0|tur |
020 ## - ISBN - ULUSLARARASI STANDART KİTAP NUMARASI
Isbn 9751715474
040 ## - KATALOGLAMA KAYNAĞI
Özgün Kataloglama Kurumu TR-BiSEU
Kataloglama Dili tur
Çeviri Kurumu TR-BiSEU
Açıklama Kuralları rda
041 0# - DİL KODU
Metin ya da ses kaydının dil kodu tur
044 ## - YAYINLAYAN/ÜRETEN KURULUŞUN ÜLKE KODU
ISO country code tu
050 ## - SINIFLAMA ve YER NUMARASI
Sınıflama Numarası HD6461
Yer Numarası .A35 1996
111 2# - TOPLANTI ADI
Toplantı Adı Uluslararası Ahilik Kültürü Sempozyumu (1. : 1993 : Ankara)
9 (RLIN) 108079
245 1# - ESER ADI BİLDİRİMİ
Başlık I. Uluslararası Ahilik kültürü sempozyumu bildirileri.
264 #1 - ÜRERİM, YAYIN, DAĞITIM ve TELİF BİLDİRİMİ
Yayın yeri Ankara :
Yayınlayan Kültür Bakanlığı
Yayın tarihi 1996
300 ## - FİZİKSEL TANIMLAMA
Sayfa, Cilt vb. 322 sayfa ;
Boyutları 20 cm
336 ## - İÇERİK TÜRÜ
Content type term metin
Content type code txt
Source rdacontent
337 ## - MEDYA TÜRÜ
Media type term aracısız
Media type code n
Source rdamedia
338 ## - TAŞIYICI TÜRÜ
Carrier type term cilt
Carrier type code nc
Source rdacarrier
490 1# - DİZİ BİLDİRİMİ
Dizi Bildirimi Kültür Bakanlığı yayınları ;
Cilt Numarası 1798.
490 1# - DİZİ BİLDİRİMİ
Dizi Bildirimi Hagem yayınları ;
Cilt Numarası 225.
490 1# - DİZİ BİLDİRİMİ
Dizi Bildirimi Seminer- Kongre Bildirileri dizisi ;
Cilt Numarası 44.
830 1# - SERİ EK GİRİŞİ - TEKBİÇİM ESER ADI
Tekbiçim Başlık Kültür Bakanlığı yayınları ;
Volume number/sequential designation 1798.
9 (RLIN) 6658
830 1# - SERİ EK GİRİŞİ - TEKBİÇİM ESER ADI
Tekbiçim Başlık Hagem yayınları ;
Volume number/sequential designation 225.
9 (RLIN) 44173
830 1# - SERİ EK GİRİŞİ - TEKBİÇİM ESER ADI
Tekbiçim Başlık Seminer- Kongre Bildirileri dizisi ;
Volume number/sequential designation 44.
9 (RLIN) 108080
907 ## - LOCAL DATA ELEMENT G, LDG (RLIN)
a Sempozyum
942 ## - EK GİRİŞ ÖGELERİ (KOHA)
Source of classification or shelving scheme Library of Congress Classification
Koha item type Book
Holdings
Materyal Türü Kalıcı Konum Mevcut Konum Raf Yeri Sınıflandırma Kaynağı Edinim Bilgisi Ana Konular Alt Konular Yer Numarası Demirbaş Numarası Fatura Tarihi Geri Çekilme Durumu Kayıp Durumu Hasarlı Durumu Kredi için değil Kayıt Tarih Toplam Ödünçverme Son Görülme Tarihi Son Kontrol Tarihi Genel / Bağış Notu
Book Prof. Dr. Azmi Özcan Kütüphanesi Prof. Dr. Azmi Özcan Kütüphanesi Uluğbey Salonu Library of Congress Classification Bağış SOSYAL BİLİMLER Endüstriler, Arazi Kullanımı, İşgücü HD6461 .A35 1996 0058380 02/02/2026         13/06/2016 5 05/12/2024 05/12/2024 Abdulkerim Abdulkadiroğlu, Akademisyen